Inclusive policies and procedures (Record no. 121805)

MARC details
000 -LEADER
fixed length control field 01159nam a22002057a 4500
008 - FIXED-LENGTH DATA ELEMENTS--GENERAL INFORMATION
fixed length control field 240221t2024 xxk|||||o|||| 00| 0 eng d
041 ## - LANGUAGE CODE
Language code of text/sound track or separate title eng
110 ## - MAIN ENTRY--CORPORATE NAME
Corporate author Royal Institution of Chartered Surveyors
245 ## - TITLE STATEMENT
Title Inclusive policies and procedures
Medium [Electronic resource]
260 ## - PUBLICATION INFORMATION
Place of publication London,
Publisher Royal Institution of Chartered Surveyors,
Date February 2024
490 ## - SERIES TITLE
Series statement RICS Rules of Conduct
520 ## - ABSTRACT
Abstract Guidance to support Rule 4 of the RICS Rules of Conduct on Diversity, Equity and Inclusion. This paper focuses on how to establish a framework to promote equal treatment, fairness and inclusivity in an <br/>organisation or a specific context. Examples of what the following policies should contain: non-discrimination policy; Family, caring and parenting policy; well-being policy
650 ## - KEYWORDS
Keywords DISCRIMINATION
650 ## - KEYWORDS
Keywords DIVERSITY
650 ## - KEYWORDS
Keywords INCLUSIVITY
651 ## - SUBJECT ADDED ENTRY--GEOGRAPHIC NAME
Geographic name International
710 ## - ADDED CORPORATE NAME
Added corporate author Royal Institution of Chartered Surveyors
856 ## - ONLINE RESOURCE
Uniform Resource Identifier <a href="https://www.rics.org/profession-standards/rics-standards-and-guidance/conduct-competence/diversity-equity-inclusion/inclusive-policies-and-procedures">https://www.rics.org/profession-standards/rics-standards-and-guidance/conduct-competence/diversity-equity-inclusion/inclusive-policies-and-procedures</a>
Public note Available free on RICS.org
942 ## - ADDED ENTRY ELEMENTS (KOHA)
Suppress in OPAC Do not suppress in OPAC
Holdings
Lost status Damaged status Not for loan Current library Shelving location Date acquired Total Checkouts Full call number Date last seen Price effective from Koha item type
      Virtual Online 21/02/2024   ONLINE PUBLICATION 21/02/2024 21/02/2024 Online material